| 000 | 00478nam a22001697a 4500 | ||
|---|---|---|---|
| 005 | 20241121184410.0 | ||
| 008 | 241121b |||||||| |||| 00| 0 eng d | ||
| 020 | _a9781305880412 | ||
| 082 |
_a005.54 _bPAR-M |
||
| 100 | _aParsons | ||
| 245 |
_aNew perspectives microsoft office 365 & excel 2016 / _cOja, Carey |
||
| 260 |
_aUSA: _bCengage learning; _c2017. |
||
| 300 |
_axiv,528 p. : _bill; _c27 cm. |
||
| 500 | _ainclude index. | ||
| 650 | _aMicrosoft Office | ||
| 999 |
_c36778 _d36778 |
||